Southville International School and Colleges
Your cart is empty.
  • Cart
  • Lists
    Public lists Eva Luna New books Lux_list list_1
    Your lists Log in to create your own lists
  • Log in to your account
  • Your cookies
  • Search history
Southville International School and Colleges
  • Advanced search
  • Recent comments
  • Most popular
  • Libraries

Log in to your account

Log in with GOOGLE


If you do not have an external account, but do have a local account, you can still log in:

  1. Home
  2. MARC view: Bioethics and Moral Decisions /
Normal view MARC view ISBD view

Bioethics and Moral Decisions / (Record no. 14169)

[ view plain ]
MARC details
000 -LEADER
fixed length control field 00524nam a22001817a 4500
003 - CONTROL NUMBER IDENTIFIER
control field OSt
005 - DATE AND TIME OF LATEST TRANSACTION
control field 20140310182534.0
008 - FIXED-LENGTH DATA ELEMENTS--GENERAL INFORMATION
fixed length control field 130927t xxu||||| |||| 00| 0 eng d
020 ## - INTERNATIONAL STANDARD BOOK NUMBER
International Standard Book Number 9789715846257
050 ## - LIBRARY OF CONGRESS CALL NUMBER
Classification number QH 332
Item number .T583 2007
100 ## - MAIN ENTRY--PERSONAL NAME
Personal name Timbreza, Florentino T.
9 (RLIN) 8673
245 ## - TITLE STATEMENT
Title Bioethics and Moral Decisions /
Statement of responsibility, etc Florentino T. Timbreza.
260 ## - PUBLICATION, DISTRIBUTION, ETC. (IMPRINT)
Place of publication, distribution, etc Quezon City :
Name of publisher, distributor, etc C & E Publishing, Inc.
Date of publication, distribution, etc c2007.
300 ## - PHYSICAL DESCRIPTION
Extent xvii. 306 p. :
Dimensions 22 cm.
651 ## - SUBJECT ADDED ENTRY--GEOGRAPHIC NAME
Geographic name Bioethics.
9 (RLIN) 21882
942 ## - ADDED ENTRY ELEMENTS (KOHA)
Source of classification or shelving scheme Library of Congress Classification
Koha item type
Holdings
Withdrawn status Lost status Source of classification or shelving scheme Damaged status Home library Current library Shelving location Date acquired Total Checkouts Total Renewals Full call number Barcode Date last seen Date checked out Copy number Price effective from Koha item type
    Library of Congress Classification   South SEED-LPDH College Library South SEED-LPDH College Library South SEED-LPDH College Section 09/27/2013 2 2 QH 332 .T583 2007 SSLC0478 10/02/2018 10/01/2018 1 09/27/2013 Books

Bioethics and Moral Decisions /

APA

Timbreza F. T., . (2007). Bioethics and Moral Decisions. Quezon City: C & E Publishing, Inc.

Chicago

Timbreza Florentino T, . 2007. Bioethics and Moral Decisions. Quezon City: C & E Publishing, Inc.

Harvard

Timbreza F. T., . (2007). Bioethics and Moral Decisions. Quezon City: C & E Publishing, Inc.

MLA

Timbreza Florentino T, . Bioethics and Moral Decisions. Quezon City: C & E Publishing, Inc. 2007.

  • Place hold
  • Print
  • Cite
  • Add to your cart (remove)
  • Save record
    BIBTEX Dublin Core MARCXML MARC (non-Unicode/MARC-8) MARC (Unicode/UTF-8) MARC (Unicode/UTF-8, Standard) MODS (XML) RIS
  • More searches
    Search for this title in:
    Other Libraries (WorldCat) Other Databases (Google Scholar) Online Stores (Bookfinder.com) Open Library (openlibrary.org)

Exporting to Dublin Core...

SOUTHVILLE LIBRARY

Southville International School and Colleges Library

1281 Tropical Ave. Cor. Luxembourg St., BF Homes International, Las Pinas City

Tel. No. 8256374 / 252358 Loc. 117/146

Powered by Koha